000 00379nam a2200169#a 4500
001 02220
003 HDC
007 ta
008 230623s2023 xx 000 0 eng d
040 _aHDC
050 _aZ278
_b.G37 2009
245 0 _aGaris panduan :
_bpenapisan bahan-bahan penerbitan berunsur Islam.
942 _2lcc
942 _cBK
942 _kZ278
942 _m.G37 2009
999 _c23779
_d23779